Kameň v studničke Tatranské povesti

Bibliographic Details
Main Author: Samsonová-Kosmanová, Yvetta, 1958- (Author)
Format: Braille Book
Language:Slovak
PhysicalDescription:1 zv. v Braillovom písme 27 x 32 cm
Published: Levoča Združenie priateľov Základnej školy internátnej pre nevidiacich a slabozrakých Slovenská knižnica pre nevidiacich Mateja Hrebendu 2008
ISBN:9788080479947
Edition:[1. vyd.]
Subjects:

MARC

LEADER 00000nam a2200000 a 4500
001 vtls009328846
003 SK-MaSNL
005 20260302080252.0
007 fb a un a
008 240318s2008 xo ff 000 m slo
015 |a SNBK2008/04-01440 
020 |a 9788080479947  |q (brož.) 
040 |a SNK  |b slo  |c SNK  |e AACR2 
041 0 |a slo 
044 |a xo  |c SK 
072 7 |a 821.162.4  |x Slovenská literatúra  |2 konspekt 
080 |a 821.162.4-1  |2 2001 
080 |a 821.162.4-34  |2 2001 
080 |a (0:82-1)  |2 2001 
080 |a (0:82-34)  |2 2001 
080 |a (0:003.24)  |2 2001 
100 1 |a Samsonová-Kosmanová, Yvetta,  |d 1958-  |4 aut  |9 245448 
245 1 0 |a Kameň v studničke  |h Braillovo písmo  |b Tatranské povesti  |c Yvetta Kosmanová-Samsonová 
246 3 0 |a Tatranské povesti 
250 |a [1. vyd.] 
260 |a Levoča  |b Združenie priateľov Základnej školy internátnej pre nevidiacich a slabozrakých  |b Slovenská knižnica pre nevidiacich Mateja Hrebendu  |c 2008 
300 |a 1 zv. v Braillovom písme  |c 27 x 32 cm 
655 7 |a publikácie pre nevidiacich  |2 SNKPH  |9 70695 
655 7 |a slovenská poézia  |2 SNKPH  |9 70444 
655 7 |a slovenské povesti  |2 SNKPH  |9 70638 
919 |a 978-80-8047-994-7 
958 |a SX 
958 |a LX 
999 |c 1172421  |d 1174351 
952 |a SNK  |b SNK  |y PREZ  |7 0  |p 17A0596882  |o snkOSB 15283  |i snk2008/16151  |8 0  |0 0  |1 0  |4 0  |d 2008-09-02  |l 0  |r 2026-02-24 21:09:28  |w 2026-02-24